Memorias del tercer Congreso Nacional de Caminos (Record no. 5439)

MARC details
000 -CABECERA
campo de control de longitud fija 00801nam a2200217 a 4500
001 - NÚMERO DE CONTROL
campo de control BRCA_5749
005 - FECHA Y HORA DE LA ÚLTIMA TRANSACCIÓN
campo de control 20190320205212.0
008 - DATOS DE LONGITUD FIJA--INFORMACIÓN GENERAL
campo de control de longitud fija 070311t1930----mx-ab#####---#101-0#spa-#
041 ## - CÓDIGO DE LENGUA
Código de lengua del texto/banda sonora o título independiente spa
044 ## - CÓDIGO DEL PAÍS DE LA ENTIDAD EDITORA/PRODUCTORA
Código MARC del país mx
050 #4 - SIGNATURA TOPOGRÁFICA DE LA BIBLIOTECA DEL CONGRESO
Número de clasificación TE5
Número de documento/Ítem .C8
-- 1930
245 10 - MENCIÓN DE TÍTULO
Título Memorias del tercer Congreso Nacional de Caminos
Resto del título Y la segunda exposición de maquinaria y automoviles.
Mención de responsabilidad, etc. Comisión Nacional de Caminos.
260 ## - PUBLICACIÓN, DISTRIBUCIÓN, ETC.
Lugar de publicación, distribución, etc. México
Nombre del editor, distribuidor, etc. Empresa de Ingeniería y Arquitectura
Fecha de publicación, distribución, etc. 1930
300 ## - DESCRIPCIÓN FÍSICA
Extensión 413 p.
Otras características físicas ils., maps.
Dimensiones 23 cm.
500 ## - NOTA GENERAL
Nota general Carta de caminos carreteros de los Estados Unidos Mexicanos formada por la Comisión Nacional de Caminos (1930); tabla de materias.
500 ## - NOTA GENERAL
Nota general H64
650 14 - PUNTO DE ACCESO ADICIONAL DE MATERIA--TÉRMINO DE MATERIA
Término de materia o nombre geográfico como elemento de entrada Automovilismo
Subdivisión geográfica México
9 (RLIN) 14584
650 14 - PUNTO DE ACCESO ADICIONAL DE MATERIA--TÉRMINO DE MATERIA
Término de materia o nombre geográfico como elemento de entrada Caminos y Carreteras
Subdivisión de forma Mapas
9 (RLIN) 14585
902 ## - CATALOGADOR
Iniciales GFM
942 ## - ELEMENTOS DE PUNTO DE ACCESO ADICIONAL (KOHA)
Fuente del sistema de clasificación o colocación Library of Congress Classification
Tipo de ítem Koha Libros
Holdings
Estado de retiro Estado de pérdida Estado dañado No para préstamo Localización permanente Ubicación/localización actual Fecha de adquisición Número de inventario Total de préstamos Signatura topográfica completa Código de barras Fecha visto por última vez Precio válido a partir de Tipo de ítem Koha
El ejemplar forma parte de la colección y puede ser consultado según las políticas vigentes.       Biblioteca del Museo Franz Mayer (Rogerio Casas-Alatriste) Biblioteca del Museo Franz Mayer (Rogerio Casas-Alatriste) 07/03/2011 H64   TE5 .C8 1930 (H64) 6188 22/03/2019 22/03/2019 Libros